000 00445nam a2200169Ia 4500
008 230524s9999 xx 000 0 und d
082 _a510
_bMAZ
100 _aPinaki Mazumder
245 0 _a"Genetic Algorithms for VLSI Design,Layout & Test Automation"
250 _a6TH
260 _aNEW DELHI
_bPearson
_c2008
300 _aXII;1315
500 _aQuantity Number: 2
650 _aComp-Sc
700 _a Elizabeth M.Rudnick
942 _cBK
999 _c37457
_d37457